=LDR 00000nam 2200000 4500 =001 INLIS000000000062422 =005 20230814082417 =035 ##$$a 0010-0823000085 =007 ta =008 230814###########################0###### =082 ##$$a 330.959 65 =084 ##$$a 330.959 65 YOH l =100 #$$a Yohana Ariesta Amelia =245 1#$$a LAPORAN PEREKONOMIAN Porvinsi Nusa Tenggara Barat November 2022 /$c Achmad Fauzi =260 ##$$a Mataram :$b Kantor Perwakilan Bank Indonesia Provinsi Nusa Tenggara Barat,$c 2022 =300 ##$$a xx, 82 halaman : $b Ilustrasi ; $c 25 cm =500 ##$$a Index: halaman 80- 81 =650 #4$$a Ekonomi NTB - Laporan =700 #$$a Halida Rizkina =700 #$$a Maulina Umi Rofiqoh =700 #$$a Reffi Marizka Dewi =990 ##$$a 06080608 =990 ##$$a 216/52/2023